Statistics for La Liga Teams 2021/22 - Soccer Spain

Click here to take the quiz!

General Stats

  • This quiz has been taken 344 times
  • The average score is 14 of 20

Answer Stats

TEAM% Correct
Real Madrid
100%
Barcelona
99%
Atletico Madrid
95%
Valencia
82%
Sevilla
82%
Real Betis
79%
Villarreal
79%
Real Sociedad
76%
Getafe
62%
Espanyol
60%
Celta
59%
Rayo Vallecano
57%
Cádiz
56%
Granada
56%
Levante
56%
Mallorca
56%
Osasuna
55%
Alavés
49%
Elche
48%
Athletic Club
42%

Score Distribution

Percentile by Number Answered

Percent of People with Each Score

Your Score History

You have not taken this quiz